कंप्यूटर विज्ञान विश्व कोश / (Record no. 30258)

MARC details
000 -LEADER
fixed length control field 01679nam a22003137a 4500
005 - DATE AND TIME OF LATEST TRANSACTION
control field 20090911113839.0
008 - FIXED-LENGTH DATA ELEMENTS--GENERAL INFORMATION
fixed length control field 081106t xxu||||| |||| 00| 0 hin d
010 ## - LCCN (DPL NO)
LC control number B-357293
020 ## - INTERNATIONAL STANDARD BOOK NUMBER
Terms of availability 300.00
International Standard Book Number 8189355171
035 ## - SYSTEM CONTROL NUMBER
System control number HN-57852
035 ## - SYSTEM CONTROL NUMBER
System control number B-357293
035 ## - SYSTEM CONTROL NUMBER
System control number B-357872
037 ## - SOURCE OF ACQUISITION
Source of stock number/acquisition DBAD / PUB
037 ## - SOURCE OF ACQUISITION
Source of stock number/acquisition ऊर्जा प्रकाशन
037 ## - SOURCE OF ACQUISITION
Source of stock number/acquisition आत्माराम एंड संस
040 ## - CATALOGING SOURCE
Original cataloging agency DPL
Language of cataloging HN
082 ## - DEWEY DECIMAL CLASSIFICATION NUMBER
Classification number 004.03
100 ## - MAIN ENTRY--PERSONAL NAME
Personal name गोयल, नितिन
245 ## - TITLE STATEMENT
Title कंप्यूटर विज्ञान विश्व कोश /
Statement of responsibility, etc नितिन गोयल
246 ## - VARYING FORM OF TITLE
Title proper/short title Computer vigyaana vishwa kosha
Remainder of title by Nitin Goyal
260 ## - PUBLICATION, DISTRIBUTION, ETC. (IMPRINT)
Place of publication, distribution, etc दिल्ली
Name of publisher, distributor, etc ऊर्जा प्रकाशन
Date of publication, distribution, etc 2009
270 ## - ADDRESS
Address 1362,अप्पर मैज्ज़नाइन फ्लोर, कश्मीरी गेट
City दिल्ली
Postal code 110006
300 ## - PHYSICAL DESCRIPTION
Extent 176पृ.
Dimensions 22सेमी (सजिल्द)
650 ## - SUBJECT ADDED ENTRY--TOPICAL TERM
Topical term or geographic name as entry element Computer Science
General subdivision Encyclopedias
942 ## - ADDED ENTRY ELEMENTS (KOHA)
Source of classification or shelving scheme Dewey Decimal Classification
Item type Children Books
Call number suffix गोयल
Classification part 004.03
Holdings
Withdrawn status Lost status Source of classification or shelving scheme Damaged status Not for loan Collection code Home library Current library Date acquired Source of acquisition Cost, normal purchase price Total Checkouts Full call number Barcode Date last seen Copy number Cost, replacement price Koha item type
    Dewey Decimal Classification     Non-fiction Janak Puri Janak Puri 11/09/2009 DBAD / PUB 300.00 22 004.03 गोयल B-357293 23/07/2010 1 300.00 Children Books
    Dewey Decimal Classification     Non-fiction Janak Puri Janak Puri 19/09/2009 60/7.9.09/118/4.9.09/11.9.09 300.00 18 004.03 गोयल B-357872 06/12/2021 1 300.00 Hindi Books

© Delhi Public Library
Hit Counter
free hit counter